Subarnalata Tr by Gopa Majumdar (Record no. 214898)

MARC details
000 -LEADER
fixed length control field 00511nam a2200181Ia 4500
008 - FIXED-LENGTH DATA ELEMENTS--GENERAL INFORMATION
fixed length control field 210719s1997 xx 000 0 und d
041 ## - LANGUAGE CODE
Language code of text/sound track or separate title eng
082 ## - DEWEY DECIMAL CLASSIFICATION NUMBER
Classification number 820.33 DEBS
100 ## - MAIN ENTRY--PERSONAL NAME
Personal name DEBI (Ashapurna)
245 ## - TITLE STATEMENT
Title Subarnalata Tr by Gopa Majumdar
260 ## - PUBLICATION, DISTRIBUTION, ETC.
Place of publication, distribution, etc. Chennai
Name of publisher, distributor, etc. Macmillan India Ltd.
Date of publication, distribution, etc. 1997
300 ## - PHYSICAL DESCRIPTION
Extent v---213
Other physical details PB
365 ## - TRADE PRICE
Price amount 140
Currency code Rs
650 ## - SUBJECT ADDED ENTRY--TOPICAL TERM
Topical term or geographic name entry element Indian English Fiction
650 ## - SUBJECT ADDED ENTRY--TOPICAL TERM
Topical term or geographic name entry element Indian English Literature
700 ## - ADDED ENTRY--PERSONAL NAME
Personal name Gopa Majumdar
906 ## - LOCAL DATA ELEMENT F, LDF (RLIN)
a by ; Gopa ; Majumdar ; Subarnalata ; Tr.
Holdings
Withdrawn status Lost status Damaged status Not for loan Collection code Home library Current library Date acquired Cost, normal purchase price Total Checkouts Full call number Barcode Date last seen Price effective from Koha item type
          St Aloysius Library St Aloysius Library 08/22/2008 140.00   820.33 DEBS D03514 07/19/2021 07/19/2021 Donated Books